[Event "MCR_CF281"]
[Site "?"]
[Date "2003.??.??"]
[Round "?"]
[White "Goc, Pavel"]
[Black "Portych, Vaclav"]
[Result "1/2-1/2"]
[WhiteElo "2215"]
[BlackElo "2148"]
[PlyCount "112"]
[EventDate "2003.??.??"]
[EventType "corr"]
[EventRounds "2"]
[SourceDate "2004.??.??"]

1. e4 c5 2. Nf3 Nc6 3. d4 cxd4 4. Nxd4 Nf6 5. Nc3 e5 6. Ndb5 d6 7. Nd5 Nxd5 8.
exd5 Ne7 9. c3 Ng6 10. Qa4 Bd7 11. Qb4 Qb8 12. Qc4 Kd8 13. Bd3 Be7 14. O-O a6
15. Na3 b5 16. Qb3 f5 17. Bd2 Ke8 18. c4 bxc4 19. Nxc4 Qxb3 20. axb3 e4 21. Be2
Bc8 22. Nb6 Rb8 23. Nxc8 Rxc8 24. Bc3 Kf7 25. Rxa6 Ra8 26. Rfa1 Rxa6 27. Rxa6
Rb8 28. b4 Rb7 29. Bh5 Rb5 30. Ra5 Rb7 31. Kf1 Bf6 32. Ke2 Ke7 33. Bxg6 hxg6
34. f3 exf3+ 35. gxf3 Be5 36. h3 Kd7 37. Kd3 Bf6 38. Ra8 g5 39. Kc4 Rc7+ 40.
Kb3 Rc8 41. Rxc8 Kxc8 42. Bd2 Kb7 43. Bc1 Kb6 44. Kc4 Ka6 45. b3 Kb6 46. Be3+
Ka6 47. b5+ Kb7 48. Kb4 Bd8 49. Bd4 Bf6 50. Bf2 Bd8 51. Bg3 Be7 52. Bh2 Kb6 53.
Bg1+ Kb7 54. b6 Ka6 55. Ka4 Bf6 56. Be3 Bd8 1/2-1/2

[Event "MCR_CF281"]
[Site "?"]
[Date "2003.??.??"]
[Round "?"]
[White "Jurci, Peter"]
[Black "Goc, Pavel"]
[Result "1/2-1/2"]
[WhiteElo "2000"]
[BlackElo "2215"]
[PlyCount "99"]
[EventDate "2003.??.??"]
[EventType "corr"]
[EventRounds "2"]
[SourceDate "2004.??.??"]

1. d4 Nf6 2. c4 e6 3. Nc3 Bb4 4. e3 c5 5. Bd3 Nc6 6. Nf3 Bxc3+ 7. bxc3 d6 8. e4
e5 9. d5 Ne7 10. Nh4 h6 11. f4 Ng6 12. Nxg6 fxg6 13. O-O O-O 14. Qe1 Bd7 15.
Rb1 b6 16. Rb2 Nh5 17. f5 gxf5 18. exf5 Qe7 19. g4 Nf6 20. Rg2 Rae8 21. h3 Kh8
22. Kh1 Nh7 23. h4 Rf7 24. Qg3 Qf8 25. Rff2 Nf6 26. g5 e4 27. gxf6 exd3 28.
fxg7+ Rxg7 29. Qxg7+ Qxg7 30. Rxg7 Kxg7 31. Kg2 h5 32. Kf1 Re4 33. Rf4 Rxc4 34.
Rxc4 Bb5 35. Ke1 Bxc4 36. a3 Kf6 37. Bf4 Bxd5 38. Bxd6 c4 39. Kd2 Kxf5 40. Ke3
Kg4 41. Be7 b5 42. Bd8 a5 43. Be7 Bb7 44. Bd8 Be4 45. Kd2 Bh7 46. Be7 Kg3 47.
Bd8 Bg6 48. Be7 a4 49. Bd8 Kf2 50. Bg5 1/2-1/2

[Event "MCR_CF281"]
[Site "?"]
[Date "2003.??.??"]
[Round "?"]
[White "Valenta, Josef"]
[Black "Goc, Pavel"]
[Result "0-1"]
[WhiteElo "2168"]
[BlackElo "2215"]
[PlyCount "90"]
[EventDate "2003.??.??"]
[EventType "corr"]
[EventRounds "2"]
[SourceDate "2004.??.??"]

1. d4 Nf6 2. c4 e6 3. Nc3 Bb4 4. a3 Bxc3+ 5. bxc3 Ne4 6. e3 O-O 7. Bd3 f5 8.
Qc2 Nf6 9. Ne2 b6 10. O-O Bb7 11. f3 a5 12. e4 g6 13. Bg5 Qe8 14. Bh6 Rf7 15.
e5 Nh5 16. Rfb1 Ba6 17. Bg5 Nc6 18. Ra2 Qf8 19. Qa4 h6 20. Bh4 g5 21. Bf2 Qe8
22. Rab2 Ne7 23. Qc2 Ng6 24. Be3 Qe7 25. Rb3 d6 26. exd6 Qxd6 27. Nc1 Nhf4 28.
c5 bxc5 29. Bxa6 Qxa6 30. dxc5 e5 31. c4 Qc6 32. Nd3 e4 33. fxe4 Qxe4 34. Bxf4
Nxf4 35. Re1 Qd4+ 36. Kh1 a4 37. Rc3 Ng6 38. Nb4 Qxc5 39. Rce3 Kh7 40. Nd3 Qa5
41. R1e2 Qb6 42. Nb4 Qa7 43. Nd5 Qc5 44. h3 Rb8 45. Rf3 Nh4 {PCL} 0-1

[Event "MCR_CF281"]
[Site "?"]
[Date "2003.??.??"]
[Round "?"]
[White "Portych, Vaclav"]
[Black "Goc, Pavel"]
[Result "1-0"]
[WhiteElo "2148"]
[BlackElo "2215"]
[PlyCount "129"]
[EventDate "2003.??.??"]
[EventType "corr"]
[EventRounds "2"]
[SourceDate "2004.??.??"]

1. c4 Nf6 2. Nc3 e5 3. Nf3 Nc6 4. g3 Bb4 5. Bg2 O-O 6. O-O e4 7. Ne1 Bxc3 8.
dxc3 h6 9. Nc2 Re8 10. Ne3 d6 11. Qc2 b6 12. b3 a5 13. Bb2 Bb7 14. Nd5 Nb8 15.
Rad1 Nbd7 16. Bc1 a4 17. b4 Ba6 18. Ne3 Ne5 19. b5 Bb7 20. Rd4 Ned7 21. Nd5 Ra5
22. Bxe4 Rxe4 23. Rxe4 Bxd5 24. cxd5 Nxe4 25. Qxe4 Rxb5 26. c4 Ra5 27. Bb2 a3
28. Bd4 Ra4 29. Rc1 Ne5 30. Bxe5 Qe8 31. f4 f6 32. Rc3 fxe5 33. fxe5 Qxe5 34.
Qxe5 dxe5 35. Kf2 Kf7 36. Ke3 Ke7 37. Ke4 Kd6 38. Kf5 Rb4 39. h4 Rb2 40. Rxa3
Rxe2 41. Kg6 Kc5 42. Kxg7 Kxc4 43. Kxh6 Kxd5 44. g4 e4 45. g5 e3 46. g6 Kd4 47.
Ra8 Rg2 48. h5 e2 49. Re8 c5 50. Kg7 c4 51. h6 c3 52. h7 Rh2 53. Rxe2 Rxe2 54.
h8=Q c2 55. Kf7+ Kd3 56. Qb2 Re1 57. Qb3+ Kd2 58. Qb4+ Kd1 59. Qd4+ Ke2 60.
Qe4+ Kd2 61. Qf4+ Ke2 62. Qc4+ Kd2 63. g7 c1=Q 64. Qxc1+ Rxc1 65. g8=Q 1-0

[Event "MCR_CF281"]
[Site "?"]
[Date "2003.??.??"]
[Round "?"]
[White "Zavadil, Jaroslav"]
[Black "Jurci, Peter"]
[Result "1-0"]
[WhiteElo "2168"]
[BlackElo "2000"]
[PlyCount "111"]
[EventDate "2003.??.??"]
[EventType "corr"]
[EventRounds "2"]
[SourceDate "2004.??.??"]

1. e4 e6 2. d4 d5 3. Nc3 Bb4 4. Bd3 dxe4 5. Bxe4 Nf6 6. Bg5 c5 7. dxc5 Qxd1+ 8.
Rxd1 Nbd7 9. Bf3 Bxc3+ 10. bxc3 Nxc5 11. Ne2 Bd7 12. Be3 Nce4 13. Bd4 Bc6 14.
O-O O-O 15. Rfe1 Rfd8 16. Ng3 Nxg3 17. Bxc6 Ne2+ 18. Rxe2 bxc6 19. Red2 Rab8
20. f3 a6 21. c4 h6 22. Rd3 Rb4 23. Bc3 Rxd3 24. cxd3 Rb7 25. Kf2 Kf8 26. Re1
Ke7 27. Re5 Ne8 28. Ra5 Ra7 29. Ke3 f6 30. d4 Kd7 31. Kd3 Nc7 32. Ra4 Rb7 33.
Kc2 Rb8 34. h4 h5 35. f4 g6 36. Bb4 Rb7 37. Bc5 Rb8 38. Ra3 Rg8 39. Rb3 g5 40.
fxg5 fxg5 41. Rg3 g4 42. Rb3 Rg6 43. Rb8 Rf6 44. Bb6 Ne8 45. Rb7+ Kc8 46. Re7
Nd6 47. Rc7+ Kb8 48. Rxc6 Nf5 49. d5 Nxh4 50. Bc5 Nf5 51. Kd3 h4 52. dxe6 Rg6
53. Ke4 Ng7 54. Bd4 h3 55. Be5+ Kb7 56. Rc7+ 1-0

[Event "MCR_CF281"]
[Site "?"]
[Date "2003.??.??"]
[Round "?"]
[White "Goc, Pavel"]
[Black "Jurci, Peter"]
[Result "0-1"]
[WhiteElo "2215"]
[BlackElo "2000"]
[PlyCount "111"]
[EventDate "2003.??.??"]
[EventType "corr"]
[EventRounds "2"]
[SourceDate "2004.??.??"]

1. e4 e6 2. d4 d5 3. Nd2 c5 4. exd5 exd5 5. Ngf3 Nc6 6. Bb5 Bd6 7. O-O Nge7 8.
dxc5 Bxc5 9. Nb3 Bd6 10. Nbd4 O-O 11. c3 Bg4 12. Qa4 Qd7 13. Be3 a6 14. Be2
Nxd4 15. Qxd4 Nc6 16. Qd2 Rfe8 17. Rad1 Rad8 18. Bb6 Bc7 19. Bxc7 Qxc7 20. Rfe1
h6 21. h3 Bf5 22. Nd4 Nxd4 23. Qxd4 Re4 24. Qd2 d4 25. cxd4 Rdxd4 26. Qxd4 Rxd4
27. Rxd4 Qa5 28. Ra1 Qe5 29. Rd2 Bxh3 30. Bf3 b5 31. Re2 Qg5 32. Re8+ Kh7 33.
Ra8 Qg6 34. Bb7 Qb6 35. Be4+ f5 36. Bd5 Bg4 37. Re1 Qd4 38. Bg8+ Kg6 39. Rxa6+
Kg5 40. Bf7 f4 41. b3 Qc3 42. Rg6+ Kf5 43. Rge6 Kg5 44. R6e4 Bf5 45. Re7 b4 46.
Bc4 h5 47. Rd1 g6 48. Re2 h4 49. Bd5 Bd3 50. Re8 Qc2 51. Bf3 Bf5 52. Ra1 Qb2
53. Ree1 h3 54. gxh3 Bxh3 55. Reb1 Qc3 56. Bb7 {odhad} 0-1

[Event "MCR_CF281"]
[Site "?"]
[Date "2003.??.??"]
[Round "?"]
[White "Brichacek, Milan"]
[Black "Valenta, Josef"]
[Result "1-0"]
[WhiteElo "2000"]
[BlackElo "2168"]
[PlyCount "77"]
[EventDate "2003.??.??"]
[EventType "corr"]
[EventRounds "2"]
[SourceDate "2004.??.??"]

1. e4 c5 2. Nf3 a6 3. Nc3 e6 4. d4 cxd4 5. Nxd4 b5 6. Bd3 Bb7 7. O-O b4 8. Nb1
d5 9. e5 Ne7 10. Be3 Nec6 11. Nxc6 Nxc6 12. f4 Qa5 13. Nd2 Qc7 14. c4 bxc3 15.
bxc3 Rb8 16. Rb1 Be7 17. Bb6 Qc8 18. Nb3 h6 19. Nd4 O-O 20. Qe2 Re8 21. f5 f6
22. exf6 Bxf6 23. Nxe6 Bxc3 24. Qh5 Re7 25. Nxg7 Rxg7 26. f6 Qe8 27. Qxh6 Bxf6
28. Qxf6 Qe5 29. Qh4 Qg5 30. Qxg5 Rxg5 31. Bc7 Rc8 32. Rxb7 Rg7 33. Bxa6 Rcxc7
34. Rxc7 Rxc7 35. Rc1 d4 36. Bb5 Na7 37. Rxc7 Nxb5 38. Rd7 Nc3 39. h4 1-0

[Event "MCR_CF281"]
[Site "?"]
[Date "2003.??.??"]
[Round "?"]
[White "Zavadil, Jaroslav"]
[Black "Brichacek, Milan"]
[Result "1/2-1/2"]
[WhiteElo "2168"]
[BlackElo "2000"]
[PlyCount "55"]
[EventDate "2003.??.??"]
[EventType "corr"]
[EventRounds "2"]
[SourceDate "2004.??.??"]

1. e4 d5 2. exd5 Nf6 3. d4 Nxd5 4. Nf3 Bg4 5. Be2 e6 6. O-O Nc6 7. c4 Nb6 8. b3
Qd7 9. Bb2 O-O-O 10. Ne5 Nxe5 11. Bxg4 Nxg4 12. Qxg4 h5 13. Qe2 h4 14. Nd2 h3
15. g3 Qc6 16. Qf3 Qxf3 17. Nxf3 Be7 18. Ne5 Rhf8 19. Rad1 Nd7 20. Nd3 Bf6 21.
f4 c5 22. Ne5 cxd4 23. Bxd4 a6 24. Kf2 Bxe5 25. fxe5 f6 26. exf6 e5 27. Bb2
Rxf6+ 28. Ke3 1/2-1/2

[Event "MCR_CF281"]
[Site "?"]
[Date "2003.??.??"]
[Round "?"]
[White "Trs, Jan"]
[Black "Brichacek, Milan"]
[Result "1/2-1/2"]
[WhiteElo "2092"]
[BlackElo "2000"]
[PlyCount "68"]
[EventDate "2003.??.??"]
[EventType "corr"]
[EventRounds "2"]
[SourceDate "2004.??.??"]

1. d4 d5 2. c4 e6 3. Nc3 c6 4. e3 Nf6 5. Nf3 Nbd7 6. Qc2 Bd6 7. b3 Qe7 8. Bd3
e5 9. cxd5 cxd5 10. dxe5 Nxe5 11. Nxe5 Bxe5 12. Bb2 O-O 13. Nb5 Bd7 14. Bxe5
Qxe5 15. Nd4 Rac8 16. Qe2 Bg4 17. Qb2 Be6 18. Qd2 Ne4 19. Qa5 b6 20. Qxa7 Qd6
21. Bxe4 Qb4+ 22. Ke2 dxe4 23. Rhc1 Qd6 24. h3 Qh2 25. Nxe6 fxe6 26. Rxc8 Rxc8
27. Qxb6 Rc2+ 28. Kd1 Rxf2 29. Qxe6+ Kf8 30. Qc8+ Kf7 31. Qc4+ Kf8 32. Qc8+ Kf7
33. Qd7+ Kf8 34. Qd8+ Kf7 1/2-1/2

[Event "MCR_CF281"]
[Site "?"]
[Date "2003.??.??"]
[Round "?"]
[White "Jurinek, Libor"]
[Black "Goc, Pavel"]
[Result "0-1"]
[WhiteElo "2046"]
[BlackElo "2215"]
[PlyCount "38"]
[EventDate "2003.??.??"]
[EventType "corr"]
[EventRounds "2"]
[SourceDate "2004.??.??"]

1. e4 e5 2. Nf3 Nc6 3. Bb5 a6 4. Ba4 Nf6 5. O-O Be7 6. Re1 b5 7. Bb3 d6 8. c3
O-O 9. h3 Na5 10. Bc2 c5 11. d4 Qc7 12. Nbd2 cxd4 13. cxd4 Bb7 14. d5 Rac8 15.
Bb1 Nh5 16. Nb3 Nxb3 17. axb3 g6 18. Bh6 Rfe8 19. Kf1 Bf8 {a bily odstoupil}
0-1

[Event "MCR_CF281"]
[Site "?"]
[Date "2003.??.??"]
[Round "?"]
[White "Portych, Vaclav"]
[Black "Jurinek, Libor"]
[Result "1-0"]
[WhiteElo "2148"]
[BlackElo "2046"]
[PlyCount "33"]
[EventDate "2003.??.??"]
[EventType "corr"]
[EventRounds "2"]
[SourceDate "2004.??.??"]

1. c4 e5 2. Nc3 Nf6 3. Nf3 Nc6 4. g3 d5 5. cxd5 Nxd5 6. Bg2 Nb6 7. O-O Be7 8.
d3 O-O 9. a3 Be6 10. b4 Nd4 11. Rb1 Nd5 12. Bb2 Nxc3 13. Bxc3 f6 14. e3 Nb5 15.
Bb2 c6 16. a4 Nc7 17. Bc3 {a cerny odstoupil} 1-0

[Event "MCR_CF281"]
[Site "?"]
[Date "2003.??.??"]
[Round "?"]
[White "Jurinek, Libor"]
[Black "Trs, Jan"]
[Result "0-1"]
[WhiteElo "2046"]
[BlackElo "2092"]
[PlyCount "28"]
[EventDate "2003.??.??"]
[EventType "corr"]
[EventRounds "2"]
[SourceDate "2004.??.??"]

1. e4 c6 2. d4 d5 3. e5 Bf5 4. Nf3 e6 5. Be2 c5 6. Be3 Qb6 7. Nc3 c4 8. b3 Bb4
9. Bd2 Qa5 10. Na4 c3 11. Bc1 Nc6 12. O-O Be7 13. Qe1 Be4 14. Be3 Rc8 {
a bily odstoupil} 0-1

[Event "MCR_CF281"]
[Site "?"]
[Date "2003.??.??"]
[Round "?"]
[White "Brichacek, Milan"]
[Black "Jurinek, Libor"]
[Result "1-0"]
[WhiteElo "2000"]
[BlackElo "2046"]
[PlyCount "47"]
[EventDate "2003.??.??"]
[EventType "corr"]
[EventRounds "2"]
[SourceDate "2004.??.??"]

1. e4 c5 2. Nf3 Nc6 3. d4 cxd4 4. Nxd4 Nf6 5. Nc3 e5 6. Ndb5 d6 7. Nd5 Nxd5 8.
exd5 Ne7 9. c4 Ng6 10. Qa4 Bd7 11. Qb4 Qb8 12. Be3 b6 13. h4 a5 14. Qa4 Be7 15.
g3 O-O 16. h5 Nh8 17. h6 g6 18. f4 f5 19. O-O-O Nf7 20. Kb1 e4 21. Qc2 Bxb5 22.
cxb5 Rc8 23. Qe2 Qc7 24. Bh3 {a cerny odstoupil} 1-0

[Event "MCR_CF281"]
[Site "?"]
[Date "2003.??.??"]
[Round "?"]
[White "Jurinek, Libor"]
[Black "Brichacek, Milan"]
[Result "0-1"]
[WhiteElo "2046"]
[BlackElo "2000"]
[PlyCount "46"]
[EventDate "2003.??.??"]
[EventType "corr"]
[EventRounds "2"]
[SourceDate "2004.??.??"]

1. e4 d5 2. exd5 Nf6 3. d4 Nxd5 4. Nf3 Bg4 5. Be2 e6 6. c4 Nb6 7. O-O Nc6 8. c5
Nd5 9. Qa4 a6 10. h3 Bh5 11. g4 Bg6 12. Ne5 Nde7 13. Rd1 f6 14. Nxc6 Qd7 15.
Nc3 bxc6 16. Re1 Nd5 17. Bc4 Bf7 18. Re2 Be7 19. Bd2 h5 20. Rae1 hxg4 21. Nxd5
cxd5 22. Qxd7+ Kxd7 23. Bxd5 gxh3 {a bily odstoupil} 0-1

[Event "MCR_CF281"]
[Site "?"]
[Date "2003.??.??"]
[Round "?"]
[White "Jurinek, Libor"]
[Black "Jurci, Peter"]
[Result "0-1"]
[WhiteElo "2046"]
[BlackElo "2000"]
[PlyCount "38"]
[EventDate "2003.??.??"]
[EventType "corr"]
[EventRounds "2"]
[SourceDate "2004.??.??"]

1. e4 e6 2. d4 d5 3. Nc3 Bb4 4. a3 Bxc3+ 5. bxc3 dxe4 6. Qg4 Nf6 7. Qxg7 Rg8 8.
Qh6 Nbd7 9. Ne2 c5 10. Qe3 b6 11. Ng3 Bb7 12. dxc5 Nxc5 13. Bb5+ Ke7 14. O-O
Qd6 15. a4 Rg6 16. a5 a6 17. Be2 b5 18. Ba3 Rc8 19. c4 bxc4 {a bily odstoupil}
0-1

[Event "MCR_CF281"]
[Site "?"]
[Date "2003.??.??"]
[Round "?"]
[White "Brichacek, Milan"]
[Black "Jurci, Peter"]
[Result "1-0"]
[WhiteElo "2000"]
[BlackElo "2000"]
[PlyCount "75"]
[EventDate "2003.??.??"]
[EventType "corr"]
[EventRounds "2"]
[SourceDate "2004.??.??"]

1. e4 e6 2. Nf3 d5 3. exd5 exd5 4. d4 Bd6 5. Bb5+ c6 6. Bd3 Nf6 7. Qe2+ Qe7 8.
Qxe7+ Bxe7 9. O-O O-O 10. Bf4 Re8 11. Re1 Be6 12. Nbd2 Nbd7 13. h3 h6 14. Re3
b6 15. Ba6 Rf8 16. Bb7 Rad8 17. Bxc6 Rc8 18. Ba4 a6 19. c3 b5 20. Bc2 b4 21.
Bd3 bxc3 22. bxc3 Rc6 23. a4 Rfc8 24. a5 Kf8 25. Rae1 Ba3 26. Rb1 Rxc3 27. Bxa6
Rc1+ 28. Rxc1 Rxc1+ 29. Nf1 Ra1 30. Rxa3 Rb1 31. Bd3 Rb7 32. a6 Ra7 33. Ne5
Nxe5 34. dxe5 Nd7 35. Be3 Ra8 36. a7 Nxe5 37. Ba6 Nc6 38. Bb7 1-0

[Event "MCR_CF281"]
[Site "?"]
[Date "2003.??.??"]
[Round "?"]
[White "Valenta, Josef"]
[Black "Jurci, Peter"]
[Result "1/2-1/2"]
[WhiteElo "2168"]
[BlackElo "2000"]
[PlyCount "57"]
[EventDate "2003.??.??"]
[EventType "corr"]
[EventRounds "2"]
[SourceDate "2004.??.??"]

1. d4 Nf6 2. c4 g6 3. Nc3 Bg7 4. e4 d6 5. Nf3 O-O 6. Be2 e5 7. dxe5 dxe5 8.
Qxd8 Rxd8 9. Bg5 Re8 10. Nd5 Nxd5 11. cxd5 c6 12. Bc4 cxd5 13. Bxd5 Nd7 14. Nd2
Nc5 15. O-O-O Ne6 16. Be3 Nf4 17. Bxf4 exf4 18. Nc4 Be6 19. Nd6 Re7 20. Bxe6
fxe6 21. Rd3 Rd8 22. Rhd1 Red7 23. Kc2 a6 24. a4 g5 25. f3 h5 26. b4 Bf8 27. e5
b6 28. h3 Bg7 29. Ne4 1/2-1/2

[Event "MCR_CF281"]
[Site "?"]
[Date "2003.??.??"]
[Round "?"]
[White "Portych, Vaclav"]
[Black "Zavadil, Jaroslav"]
[Result "1/2-1/2"]
[WhiteElo "2148"]
[BlackElo "2168"]
[PlyCount "79"]
[EventDate "2003.??.??"]
[EventType "corr"]
[EventRounds "2"]
[SourceDate "2004.??.??"]

1. c4 Nf6 2. Nc3 e6 3. g3 g6 4. Bg2 Bg7 5. Nf3 d5 6. cxd5 exd5 7. O-O O-O 8. d4
Re8 9. Bf4 c6 10. e3 a5 11. Rc1 Nbd7 12. Qc2 Nb6 13. Nb5 Bf5 14. Qe2 Re7 15.
Nc3 Nh5 16. Bg5 f6 17. Bh4 Qe8 18. Nd2 g5 19. Bf3 Bg6 20. Bxh5 Bxh5 21. g4 Bg6
22. Bg3 f5 23. Qf3 Qd7 24. gxf5 Bxf5 25. Bd6 Qxd6 26. Qxf5 h6 27. Ne2 Rf8 28.
Qg4 Ref7 29. Ng3 Na4 30. b3 Nb2 31. Rc3 Qa3 32. Nb1 Qxa2 33. Qe2 Rxf2 34. Rxf2
Rxf2 35. Qxf2 Qxb1+ 36. Qf1 Qd1 37. Rc1 Qxb3 38. Nf5 Bf8 39. Qh3 Qd3 40. Ne7+
1/2-1/2

[Event "MCR_CF281"]
[Site "?"]
[Date "2003.??.??"]
[Round "?"]
[White "Jurci, Peter"]
[Black "Valenta, Josef"]
[Result "1-0"]
[WhiteElo "2000"]
[BlackElo "2168"]
[PlyCount "52"]
[EventDate "2003.??.??"]
[EventType "corr"]
[EventRounds "2"]
[SourceDate "2004.??.??"]

1. d4 Nf6 2. c4 e6 3. Nc3 Bb4 4. e3 O-O 5. Bd3 c5 6. Nf3 d5 7. O-O Nc6 8. a3
Bxc3 9. bxc3 dxc4 10. Bxc4 Qc7 11. Ba2 b6 12. Qe2 e5 13. d5 e4 14. Nd2 Ne5 15.
c4 Re8 16. f3 exf3 17. gxf3 Ng6 18. Qf2 Qe5 19. Nb3 Ba6 20. Qc2 Qh5 21. Kh1
Nxd5 22. e4 Ndf4 23. Be3 Rad8 24. Rae1 Nd3 25. Re2 Qh3 26. Nd2 Nb4 {PCL} 1-0

[Event "MCR_CF281"]
[Site "?"]
[Date "2003.??.??"]
[Round "?"]
[White "Jurci, Peter"]
[Black "Zavadil, Jaroslav"]
[Result "0-1"]
[WhiteElo "2000"]
[BlackElo "2168"]
[PlyCount "74"]
[EventDate "2003.??.??"]
[EventType "corr"]
[EventRounds "2"]
[SourceDate "2004.??.??"]

1. d4 d5 2. c4 c6 3. Nf3 Nf6 4. Nc3 dxc4 5. a4 Nd5 6. e4 Nxc3 7. bxc3 b5 8. Be2
Nd7 9. O-O Qc7 10. d5 Nc5 11. dxc6 Nxa4 12. Bxc4 a6 13. Bb3 Nc5 14. Ba2 e6 15.
Qd4 Qxc6 16. Rd1 Bb7 17. Bg5 Qc7 18. Bh4 Nxe4 19. c4 b4 20. Bb3 Nc5 21. Ba4+
Nxa4 22. Rxa4 f6 23. Bg3 e5 24. Re1 Bc5 25. Bxe5 fxe5 26. Rxe5+ Be7 27. Qe3
Bxf3 28. gxf3 a5 29. Ra1 Kf7 30. Re1 Bf6 31. Re4 a4 32. c5 Rhb8 33. Re6 Kg8 34.
Qe4 a3 35. Qd5 Qf7 36. c6 a2 37. c7 Rc8 0-1

[Event "MCR_CF281"]
[Site "?"]
[Date "2003.??.??"]
[Round "?"]
[White "Trs, Jan"]
[Black "Goc, Pavel"]
[Result "1/2-1/2"]
[WhiteElo "2092"]
[BlackElo "2215"]
[PlyCount "66"]
[EventDate "2003.??.??"]
[EventType "corr"]
[EventRounds "2"]
[SourceDate "2004.??.??"]

1. c4 Nf6 2. Nc3 e5 3. Nf3 Nc6 4. g3 d5 5. cxd5 Nxd5 6. Bg2 Nb6 7. O-O Be7 8.
a3 O-O 9. b4 Be6 10. Rb1 f6 11. d3 a5 12. bxa5 Rxa5 13. Nb5 Na7 14. Nxa7 Rxa7
15. Qc2 Qd7 16. Be3 Rxa3 17. Rfc1 Nd5 18. Rxb7 Nxe3 19. fxe3 Bd6 20. Nd2 Ra2
21. Rb2 Rxb2 22. Qxb2 Qe7 23. Qb7 Bc5 24. Kh1 Rd8 25. Nc4 Kh8 26. Rc2 Bf7 27.
Qb5 Bb4 28. Bc6 Be6 29. e4 Bh3 30. Bd5 Bc5 31. Rc1 Bd7 32. Bc6 Bg4 33. Rc2 Ba7
1/2-1/2

[Event "MCR_CF281"]
[Site "?"]
[Date "2003.??.??"]
[Round "?"]
[White "Brichacek, Milan"]
[Black "Goc, Pavel"]
[Result "1-0"]
[WhiteElo "2000"]
[BlackElo "2215"]
[PlyCount "97"]
[EventDate "2003.??.??"]
[EventType "corr"]
[EventRounds "2"]
[SourceDate "2004.??.??"]

1. e4 e5 2. Nc3 Nf6 3. Nf3 Nc6 4. Bb5 Bb4 5. O-O O-O 6. d3 d6 7. Ne2 Ne7 8. c3
Ba5 9. d4 exd4 10. Qxd4 Bb6 11. Qd3 Ng6 12. Nf4 Ne5 13. Nxe5 dxe5 14. Nd5 Nxd5
15. exd5 f5 16. Bc4 Qd6 17. Bg5 Kh8 18. a4 a6 19. a5 Ba7 20. Be3 Bxe3 21. fxe3
Bd7 22. b4 Rf6 23. e4 f4 24. Rf2 g5 25. Raf1 g4 26. g3 f3 27. Qe3 h5 28. h4
Raf8 29. Rb1 Qe7 30. Bd3 c6 31. c4 cxd5 32. exd5 Bf5 33. Bxf5 Rxf5 34. Qe4 Qe8
35. b5 Qa8 36. d6 Qd8 37. c5 axb5 38. Rxb5 Qc8 39. Rfb2 f2+ 40. Kf1 Qe6 41.
Rxb7 Qh6 42. Rc2 Kg8 43. a6 Rf3 44. Qd5+ Kh8 45. Qxe5+ Kg8 46. Qd5+ Kh8 47.
Qd4+ Kg8 48. a7 Re3 49. Rxf2 1-0

[Event "MCR_CF281"]
[Site "?"]
[Date "2003.??.??"]
[Round "?"]
[White "Trs, Jan"]
[Black "Valenta, Josef"]
[Result "1-0"]
[WhiteElo "2092"]
[BlackElo "2168"]
[PlyCount "74"]
[EventDate "2003.??.??"]
[EventType "corr"]
[EventRounds "2"]
[SourceDate "2004.??.??"]

1. e4 c5 2. Nf3 Nc6 3. d4 cxd4 4. Nxd4 Nf6 5. Nc3 e5 6. Ndb5 d6 7. Bg5 a6 8.
Na3 b5 9. Bxf6 gxf6 10. Nd5 f5 11. c3 Bg7 12. exf5 Bxf5 13. Nc2 O-O 14. Nce3
Be6 15. Bd3 f5 16. Bc2 e4 17. Nf4 Bf7 18. O-O Be5 19. Nfd5 Qh4 20. g3 Qh3 21.
Qd2 Qh5 22. f3 exf3 23. Rf2 Bg6 24. Nf4 Bxf4 25. gxf4 Rae8 26. Bd1 Qh4 27. Bxf3
Ne7 28. Qxd6 Rf6 29. Qd4 Bf7 30. Rg2+ Kf8 31. a3 Bg6 32. Rg5 Re6 33. Ng2 Qh3
34. Bd1 Nc6 35. Qc5+ Kg7 36. Bb3 Rf6 37. Rd1 Rd8 {PCL} 1-0

[Event "MCR_CF281"]
[Site "?"]
[Date "2003.??.??"]
[Round "?"]
[White "Valenta, Josef"]
[Black "Trs, Jan"]
[Result "0-1"]
[WhiteElo "2168"]
[BlackElo "2092"]
[PlyCount "75"]
[EventDate "2003.??.??"]
[EventType "corr"]
[EventRounds "2"]
[SourceDate "2004.??.??"]

1. d4 Nf6 2. c4 e6 3. Nc3 Bb4 4. a3 Bxc3+ 5. bxc3 c5 6. e3 b6 7. Ne2 Ba6 8. Ng3
Qc7 9. Qf3 Nc6 10. Rb1 O-O 11. Be2 Rac8 12. h3 d6 13. O-O Na5 14. e4 Bxc4 15.
Bg5 Nd7 16. Bf4 Bxe2 17. Qxe2 Rfe8 18. Rfd1 cxd4 19. cxd4 Nc4 20. Rdc1 Qc6 21.
Bxd6 Qxd6 22. Rxc4 Qxa3 23. Rd1 Nf6 24. d5 Rxc4 25. Qxc4 exd5 26. exd5 Qc5 27.
Qa4 b5 28. Qf4 h6 29. d6 Qc4 30. Qd2 b4 31. Rc1 Qb5 32. Qd4 Rd8 33. Qxa7 Qd5
34. Rc7 b3 35. Rb7 Rxd6 36. Nf1 Nd7 37. Ne3 Qe6 38. Qa8+ {PCL} 0-1

[Event "MCR_CF281"]
[Site "?"]
[Date "2003.??.??"]
[Round "?"]
[White "Trs, Jan"]
[Black "Zavadil, Jaroslav"]
[Result "1-0"]
[WhiteElo "2092"]
[BlackElo "2168"]
[PlyCount "103"]
[EventDate "2003.??.??"]
[EventType "corr"]
[EventRounds "2"]
[SourceDate "2004.??.??"]

1. d4 d5 2. c4 c6 3. Nf3 Nf6 4. Nc3 dxc4 5. a4 Bf5 6. e3 e6 7. Bxc4 Nbd7 8. O-O
Bb4 9. Qb3 Qb6 10. e4 Bg4 11. e5 Nd5 12. Ne2 O-O 13. h3 Bh5 14. g4 Bg6 15. Nh4
Ba5 16. Bxd5 cxd5 17. Qxb6 Nxb6 18. Nxg6 hxg6 19. b3 Rfc8 20. Ra2 Bb4 21. f4
Rc6 22. Bd2 Bxd2 23. Rxd2 Rac8 24. Kf2 Nd7 25. Rdd1 Rb6 26. Rc1 Rcc6 27. Rxc6
bxc6 28. Rc1 Rxb3 29. Rxc6 Nb6 30. a5 Nc4 31. Rc8+ Kh7 32. Rc7 Rxh3 33. Ng1 Ra3
34. Nf3 Ra2+ 35. Ke1 Ra1+ 36. Ke2 Ra2+ 37. Kd1 g5 38. Nxg5+ Kg6 39. Rxf7 Ne3+
40. Kc1 Ng2 41. Re7 Nxf4 42. Nxe6 Nxe6 43. Rxe6+ Kg5 44. Ra6 Kxg4 45. Rxa7 Kf5
46. Ra8 Ra4 47. a6 Ke4 48. e6 Rc4+ 49. Kd2 Rc7 50. Rf8 Ra7 51. Rf7 Rxa6 52. e7
1-0

[Event "MCR_CF281"]
[Site "?"]
[Date "2003.??.??"]
[Round "?"]
[White "Trs, Jan"]
[Black "Portych, Vaclav"]
[Result "1/2-1/2"]
[WhiteElo "2092"]
[BlackElo "2148"]
[PlyCount "94"]
[EventDate "2003.??.??"]
[EventType "corr"]
[EventRounds "2"]
[SourceDate "2004.??.??"]

1. d4 Nf6 2. c4 e6 3. Nf3 b6 4. g3 Bb7 5. Bg2 c5 6. d5 exd5 7. Nh4 g6 8. Nc3
Bg7 9. O-O O-O 10. Bg5 d6 11. Nxd5 Nc6 12. Qd2 Rb8 13. Rad1 Nd4 14. b3 a5 15.
e3 Ne6 16. Bxf6 Bxf6 17. Nxf6+ Qxf6 18. f4 Bxg2 19. Kxg2 Qe7 20. Qxd6 Qa7 21.
f5 Rbd8 22. Qe5 Qb7+ 23. Nf3 Ng7 24. fxg6 hxg6 25. Rxd8 Rxd8 26. e4 Ne6 27. Rf2
Qe7 28. Qc3 Nd4 29. e5 Qc7 30. Kg1 Nxf3+ 31. Rxf3 Re8 32. Re3 Re6 33. h3 Qd7
34. Rd3 Qe7 35. Rd5 Qg5 36. h4 Qf5 37. a3 Qb1+ 38. Kg2 Qe4+ 39. Kf2 Qb1 40. a4
Re8 41. Qe3 Qc2+ 42. Kf1 Qb1+ 43. Kg2 Qc2+ 44. Kh3 Qf5+ 45. g4 Qf1+ 46. Kg3 Qa1
47. h5 gxh5 1/2-1/2

[Event "MCR_CF281"]
[Site "?"]
[Date "2003.??.??"]
[Round "?"]
[White "Trs, Jan"]
[Black "Jurci, Peter"]
[Result "1-0"]
[WhiteElo "2092"]
[BlackElo "2000"]
[PlyCount "83"]
[EventDate "2003.??.??"]
[EventType "corr"]
[EventRounds "2"]
[SourceDate "2004.??.??"]

1. c4 Nf6 2. Nc3 g6 3. g3 Bg7 4. Bg2 d6 5. d4 O-O 6. Nf3 c5 7. O-O Nc6 8. d5
Na5 9. Nd2 e5 10. Qc2 Ng4 11. e4 f5 12. exf5 gxf5 13. h3 Nf6 14. a3 b6 15. Re1
Bd7 16. Ne2 a6 17. b3 Nb7 18. Nf1 b5 19. Bb2 Rb8 20. Ne3 Nh5 21. f4 exf4 22.
Bxg7 Kxg7 23. Nxf4 Nxf4 24. gxf4 Qf6 25. Qf2 Rbe8 26. cxb5 axb5 27. Nc2 Qc3 28.
b4 Kh8 29. Kh2 Rg8 30. Rac1 c4 31. Nd4 Qxa3 32. Rxe8 Rxe8 33. Re1 Rxe1 34. Qxe1
Qa8 35. Ne6 Qa3 36. Qh4 Qc3 37. Qe7 Bxe6 38. dxe6 Qg7 39. Qe8+ Qg8 40. Qd7 c3
41. e7 c2 42. e8=Q 1-0